Najbardziej wartościowi piłkarze LaLiga - Statystyki

Ogólne statystyki
  • Ten quiz został rozwiązany 61 razy
  • Średni wynik to 7 z 10
Statystyki odpowiedzi
Klub Wartość Piłkarz % Poprawnych
Real Madryt 180 mln Kylian Mbappé
100%
FC Barcelona 200 mln Lamine Yamal
100%
Real Madryt 180 mln Jude Bellingham
81%
FC Barcelona 140 mln Pedri
76%
Atletico Madryt 100 mln Julián Alvarez
73%
FC Barcelona 90 mln Raphinha
59%
Real Madryt 170 mln Vinicius Junior
58%
Real Madryt 130 mln Federico Valverde
56%
Real Madryt 90 mln Rodrygo
53%
FC Barcelona 80 mln Pau Cubarsí
49%
Nie znaleziono quizów pasujących do podanych kryteriów
Rozkład punktacji
Procent ludzi z każdym wynikiem
Percentyl według liczby udzielonych odpowiedzi
Twoja historia wyników
Nie rozwiązałeś tego quizu